MARC-detaljer
| 000 -LEADER |
| fixed length control field |
10619cam a2202173 a 4500 |
| 001 - CONTROL NUMBER |
| control field |
11489897 |
| 003 - CONTROL NUMBER IDENTIFIER |
| control field |
LIBRIS |
| 005 - DATE AND TIME OF LATEST TRANSACTION |
| control field |
20210218132408.0 |
| 008 - FIXED-LENGTH DATA ELEMENTS--GENERAL INFORMATION |
| fixed length control field |
090625s2009 sw |||||||||||000 0|swe|c |
| 020 ## - INTERNATIONAL STANDARD BOOK NUMBER |
| International Standard Book Number |
9789144056135 |
| 035 ## - SYSTEM CONTROL NUMBER |
| System control number |
(Mo)b1776589 |
| 040 ## - CATALOGING SOURCE |
| Original cataloging agency |
LGEN |
| Modifying agency |
Kd |
| Description conventions |
a |
| 041 ## - LANGUAGE CODE |
| Language code of text/sound track or separate title |
swe |
| 060 #4 - NATIONAL LIBRARY OF MEDICINE CALL NUMBER |
| Classification number |
WA 309 |
| 082 #4 - DEWEY DECIMAL CLASSIFICATION NUMBER |
| Classification number |
613.0424 |
| Edition number |
22 |
| 084 ## - OTHER CLASSIFICATION NUMBER |
| Classification number |
Vnaa |
| Number source |
kssb/8 |
| 084 ## - OTHER CLASSIFICATION NUMBER |
| Classification number |
Ohja |
| Number source |
kssb/8 |
| 084 ## - OTHER CLASSIFICATION NUMBER |
| Classification number |
Vnaa |
| Number source |
kssb/8 |
| 084 ## - OTHER CLASSIFICATION NUMBER |
| Classification number |
Ohja |
| Number source |
kssb/8 |
| 084 ## - OTHER CLASSIFICATION NUMBER |
| Classification number |
Vnaa |
| Number source |
kssb/8 |
| 084 ## - OTHER CLASSIFICATION NUMBER |
| Classification number |
Ohja-c |
| Number source |
kssb/8 |
| 245 10 - TITLE STATEMENT |
| Title |
Kvinnors hälsa : |
| Remainder of title |
fakta och myter / |
| Statement of responsibility, etc. |
redaktörer: Gunilla Jarlbro, Charlotte Erlanson-Albertsson. |
| 250 ## - EDITION STATEMENT |
| Edition statement |
1. uppl. |
| 264 #1 - PRODUCTION, PUBLICATION, DISTRIBUTION, MANUFACTURE, AND COPYRIGHT NOTICE |
| Place of production, publication, distribution, manufacture |
Lund : |
| Name of producer, publisher, distributor, manufacturer |
Studentlitteratur, |
| Date of production, publication, distribution, manufacture, or copyright notice |
2009 |
| 264 #3 - PRODUCTION, PUBLICATION, DISTRIBUTION, MANUFACTURE, AND COPYRIGHT NOTICE |
| Place of production, publication, distribution, manufacture |
Ungern |
| 300 ## - PHYSICAL DESCRIPTION |
| Extent |
141 s. |
| Dimensions |
23 cm |
| 500 ## - GENERAL NOTE |
| Institution to which field applies |
Li |
| General note |
Pliktex. |
| 500 ## - GENERAL NOTE |
| Institution to which field applies |
Mo |
| General note |
svenska |
| 505 8# - FORMATTED CONTENTS NOTE |
| Formatted contents note |
Den starka kvinnokroppen -- Den medialiserade kvinnokroppen -- Den sockerälskande kvinnokroppen -- Den missnöjda kvinnokroppen -- Den misshandlade kvinnokroppen -- Den sjukskrivna kvinnokroppen -- Den utbrända kvinnokroppen -- Den ekonomiskt utsatta kvinnokroppen -- Vilka var nu myterna? |
| 650 #7 - SUBJECT ADDED ENTRY--TOPICAL TERM |
| Topical term or geographic name entry element |
Kvinnor |
| Authority record control number or standard number |
https://id.kb.se/term/sao/Kvinnor |
| Source of heading or term |
sao |
| 650 #7 - SUBJECT ADDED ENTRY--TOPICAL TERM |
| Topical term or geographic name entry element |
Kvinnokroppen |
| Authority record control number or standard number |
https://id.kb.se/term/sao/Kvinnokroppen |
| Source of heading or term |
sao |
| 650 #7 - SUBJECT ADDED ENTRY--TOPICAL TERM |
| Topical term or geographic name entry element |
Hälsa |
| Authority record control number or standard number |
https://id.kb.se/term/sao/H%C3%A4lsa |
| Source of heading or term |
sao |
| 650 #2 - SUBJECT ADDED ENTRY--TOPICAL TERM |
| Topical term or geographic name entry element |
Women |
| 650 #2 - SUBJECT ADDED ENTRY--TOPICAL TERM |
| Topical term or geographic name entry element |
Health |
| 650 #2 - SUBJECT ADDED ENTRY--TOPICAL TERM |
| Topical term or geographic name entry element |
Women's Health |
| 650 #7 - SUBJECT ADDED ENTRY--TOPICAL TERM |
| Topical term or geographic name entry element |
Hälsa |
| Source of heading or term |
kao |
| 650 #7 - SUBJECT ADDED ENTRY--TOPICAL TERM |
| Topical term or geographic name entry element |
Health |
| Source of heading or term |
kao//eng |
| 650 #7 - SUBJECT ADDED ENTRY--TOPICAL TERM |
| Topical term or geographic name entry element |
Kropp |
| Source of heading or term |
kao |
| 650 #7 - SUBJECT ADDED ENTRY--TOPICAL TERM |
| Topical term or geographic name entry element |
Body |
| Source of heading or term |
kao//eng |
| 650 #7 - SUBJECT ADDED ENTRY--TOPICAL TERM |
| Topical term or geographic name entry element |
Misshandel |
| Source of heading or term |
kao |
| 650 #7 - SUBJECT ADDED ENTRY--TOPICAL TERM |
| Topical term or geographic name entry element |
Abuse |
| Source of heading or term |
kao//eng |
| 650 #7 - SUBJECT ADDED ENTRY--TOPICAL TERM |
| Topical term or geographic name entry element |
Vikten |
| Source of heading or term |
kao |
| 650 #7 - SUBJECT ADDED ENTRY--TOPICAL TERM |
| Topical term or geographic name entry element |
Body weight |
| Source of heading or term |
kao//eng |
| 650 #7 - SUBJECT ADDED ENTRY--TOPICAL TERM |
| Topical term or geographic name entry element |
Sjukfrånvaro |
| Source of heading or term |
kao |
| 650 #7 - SUBJECT ADDED ENTRY--TOPICAL TERM |
| Topical term or geographic name entry element |
Sickness absence |
| Source of heading or term |
kao//eng |
| 650 #7 - SUBJECT ADDED ENTRY--TOPICAL TERM |
| Topical term or geographic name entry element |
Könsolikheter |
| Source of heading or term |
kao |
| 650 #7 - SUBJECT ADDED ENTRY--TOPICAL TERM |
| Topical term or geographic name entry element |
Gender differences |
| Source of heading or term |
kao//eng |
| 650 #7 - SUBJECT ADDED ENTRY--TOPICAL TERM |
| Topical term or geographic name entry element |
Våld |
| Source of heading or term |
kao |
| 650 #7 - SUBJECT ADDED ENTRY--TOPICAL TERM |
| Topical term or geographic name entry element |
Violence |
| Source of heading or term |
kao//eng |
| 650 #0 - SUBJECT ADDED ENTRY--TOPICAL TERM |
| Topical term or geographic name entry element |
Women |
| 650 #0 - SUBJECT ADDED ENTRY--TOPICAL TERM |
| Topical term or geographic name entry element |
Health |
| 650 #4 - SUBJECT ADDED ENTRY--TOPICAL TERM |
| Topical term or geographic name entry element |
Hälsa |
| 650 #4 - SUBJECT ADDED ENTRY--TOPICAL TERM |
| Topical term or geographic name entry element |
Kvinnor |
| 650 #4 - SUBJECT ADDED ENTRY--TOPICAL TERM |
| Topical term or geographic name entry element |
Kvinnokroppen |
| 650 #7 - SUBJECT ADDED ENTRY--TOPICAL TERM |
| Topical term or geographic name entry element |
Kvinnokroppen |
| Authority record control number or standard number |
https://id.kb.se/term/sao/Kvinnokroppen |
| Source of heading or term |
sao |
| 650 #7 - SUBJECT ADDED ENTRY--TOPICAL TERM |
| Topical term or geographic name entry element |
Kvinnor |
| General subdivision |
hälsa |
| Source of heading or term |
sao |
| 650 #2 - SUBJECT ADDED ENTRY--TOPICAL TERM |
| Topical term or geographic name entry element |
women's health |
| 653 ## - INDEX TERM--UNCONTROLLED |
| Uncontrolled term |
Kvinnor |
| 653 ## - INDEX TERM--UNCONTROLLED |
| Uncontrolled term |
Hälsa |
| 653 ## - INDEX TERM--UNCONTROLLED |
| Uncontrolled term |
Kvinnors hälsa |
| 655 #4 - INDEX TERM--GENRE/FORM |
| Institution to which field applies |
Mo |
| Genre/form data or focus term |
Bok |
| 698 ## - LOCAL SUBJECT ADDED ENTRY--MEETING NAME (RLIN) |
| Meeting name or jurisdiction name as entry element |
20090923 |
| 700 1# - ADDED ENTRY--PERSONAL NAME |
| Personal name |
Jarlbro, Gunilla, |
| Dates associated with a name |
1953- |
| Relationship |
edt |
| Authority record control number or standard number |
https://libris.kb.se/20dghp3l48qljj9#it |
| 700 1# - ADDED ENTRY--PERSONAL NAME |
| Personal name |
Erlanson-Albertsson, Charlotte, |
| Dates associated with a name |
1947- |
| Relationship |
edt |
| Authority record control number or standard number |
https://libris.kb.se/nl0222d629pg2n5#it |
| 887 ## - NON-MARC INFORMATION FIELD |
| Content of non-MARC field |
{"@id":"7rkkd33k3rjtr5g","modified":"2019-07-15T14:19:44.383+02:00","checksum":"8847728268"} |
| Source of data |
librisxl |
| 887 ## - NON-MARC INFORMATION FIELD |
| Content of non-MARC field |
{"@id":"7ckn5b1d28dqgc2","modified":"2012-03-05T16:10:16+01:00","checksum":"160612725503"} |
| Source of data |
librisxl |
| 887 ## - NON-MARC INFORMATION FIELD |
| Content of non-MARC field |
{"@id":"48gtx0790p6tr5c","modified":"2012-03-09T10:45:38+01:00","checksum":"160533665750"} |
| Source of data |
librisxl |
| 887 ## - NON-MARC INFORMATION FIELD |
| Content of non-MARC field |
{"@id":"pt13m04v4x8dbmv","modified":"2016-06-20T10:04:58+02:00","checksum":"154777434622"} |
| Source of data |
librisxl |
| 887 ## - NON-MARC INFORMATION FIELD |
| Content of non-MARC field |
{"@id":"bgnrmmjh0cc0g19","modified":"2011-06-22T13:11:54+02:00","checksum":"160981141384"} |
| Source of data |
librisxl |
| 887 ## - NON-MARC INFORMATION FIELD |
| Content of non-MARC field |
{"@id":"hsrd1wdnfcb9413m","modified":"2019-06-17T15:54:44.334+02:00","checksum":"121468208957"} |
| Source of data |
librisxl |
| 887 ## - NON-MARC INFORMATION FIELD |
| Content of non-MARC field |
{"@id":"48gjmhk94d710bt","modified":"2017-02-08T08:52:53+01:00","checksum":"148913611173"} |
| Source of data |
librisxl |
| 887 ## - NON-MARC INFORMATION FIELD |
| Content of non-MARC field |
{"@id":"59hj1j4b2ll363b","modified":"2009-07-03T14:15:44+02:00","checksum":"117052755542"} |
| Source of data |
librisxl |
| 887 ## - NON-MARC INFORMATION FIELD |
| Content of non-MARC field |
{"@id":"rw357r7x4qrchgt","modified":"2009-09-18T17:12:01+02:00","checksum":"157471054397"} |
| Source of data |
librisxl |
| 887 ## - NON-MARC INFORMATION FIELD |
| Content of non-MARC field |
{"@id":"48gjlsl905xf1xm","modified":"2009-09-10T13:00:05+02:00","checksum":"156464284544"} |
| Source of data |
librisxl |
| 887 ## - NON-MARC INFORMATION FIELD |
| Content of non-MARC field |
{"@id":"37fj9nl81hznrd4","modified":"2011-10-11T14:06:36+02:00","checksum":"165958451591"} |
| Source of data |
librisxl |
| 887 ## - NON-MARC INFORMATION FIELD |
| Content of non-MARC field |
{"@id":"mrz0l33s54grggh","modified":"2009-08-04T09:56:01+02:00","checksum":"157762263634"} |
| Source of data |
librisxl |
| 887 ## - NON-MARC INFORMATION FIELD |
| Content of non-MARC field |
{"@id":"mrz1k33s1h56bvh","modified":"2014-10-15T15:59:50+02:00","checksum":"112619004304"} |
| Source of data |
librisxl |
| 887 ## - NON-MARC INFORMATION FIELD |
| Content of non-MARC field |
{"@id":"glsvzrqm5v740jl","modified":"2009-09-17T15:42:51+02:00","checksum":"167629537035"} |
| Source of data |
librisxl |
| 887 ## - NON-MARC INFORMATION FIELD |
| Content of non-MARC field |
{"@id":"dpsl623zbb2nmt8h","modified":"2019-07-15T14:01:15.289+02:00","checksum":"110394264766"} |
| Source of data |
librisxl |
| 887 ## - NON-MARC INFORMATION FIELD |
| Content of non-MARC field |
{"@id":"chpq7htj5nw5k7q","modified":"2009-07-15T13:23:11+02:00","checksum":"161429190811"} |
| Source of data |
librisxl |
| 887 ## - NON-MARC INFORMATION FIELD |
| Content of non-MARC field |
{"@id":"v068h1013w82178","modified":"2009-09-29T15:39:24+02:00","checksum":"116311436430"} |
| Source of data |
librisxl |
| 887 ## - NON-MARC INFORMATION FIELD |
| Content of non-MARC field |
{"@id":"59hj4q1b137q01q","modified":"2009-08-05T10:15:38+02:00","checksum":"124748540138"} |
| Source of data |
librisxl |
| 887 ## - NON-MARC INFORMATION FIELD |
| Content of non-MARC field |
{"@id":"hmtvlcbn3lcbd08","modified":"2013-05-17T12:43:56+02:00","checksum":"157463534282"} |
| Source of data |
librisxl |
| 887 ## - NON-MARC INFORMATION FIELD |
| Content of non-MARC field |
{"@id":"v06823814k19s1t","modified":"2016-02-10T12:49:50+01:00","checksum":"155434356396"} |
| Source of data |
librisxl |
| 887 ## - NON-MARC INFORMATION FIELD |
| Content of non-MARC field |
{"@id":"bgnqwngh404rg1b","modified":"2009-12-17T23:17:01+01:00","checksum":"153881002037"} |
| Source of data |
librisxl |
| 887 ## - NON-MARC INFORMATION FIELD |
| Content of non-MARC field |
{"@id":"mrz14tts57vpdxg","modified":"2016-10-25T12:25:30+02:00","checksum":"157818004924"} |
| Source of data |
librisxl |
| 887 ## - NON-MARC INFORMATION FIELD |
| Content of non-MARC field |
{"@id":"qv2488hw316zr5m","modified":"2017-11-23T13:48:55+01:00","checksum":"108306522414"} |
| Source of data |
librisxl |
| 887 ## - NON-MARC INFORMATION FIELD |
| Content of non-MARC field |
{"@id":"v068bst15gd1j0b","modified":"2018-01-04T18:00:15+01:00","checksum":"112260491733"} |
| Source of data |
librisxl |
| 887 ## - NON-MARC INFORMATION FIELD |
| Content of non-MARC field |
{"@id":"hmtwqlvn4skxkgm","modified":"2009-08-28T13:04:00+02:00","checksum":"158235040741"} |
| Source of data |
librisxl |
| 887 ## - NON-MARC INFORMATION FIELD |
| Content of non-MARC field |
{"@id":"15cdxh960dfltx2","modified":"2010-10-08T11:29:55+02:00","checksum":"152460805204"} |
| Source of data |
librisxl |
| 887 ## - NON-MARC INFORMATION FIELD |
| Content of non-MARC field |
{"@id":"djqscm7k3j4df3m","modified":"2016-10-17T10:18:52+02:00","checksum":"110543358230"} |
| Source of data |
librisxl |
| 887 ## - NON-MARC INFORMATION FIELD |
| Content of non-MARC field |
{"@id":"qv26bnvw0snkx7q","modified":"2010-05-12T10:09:02+02:00","checksum":"153862008488"} |
| Source of data |
librisxl |
| 887 ## - NON-MARC INFORMATION FIELD |
| Content of non-MARC field |
{"@id":"kpwzr3wq27zfwjw","modified":"2009-08-24T10:22:09+02:00","checksum":"161582452912"} |
| Source of data |
librisxl |
| 887 ## - NON-MARC INFORMATION FIELD |
| Content of non-MARC field |
{"@id":"mrzj8whs2w5r59d","modified":"2020-01-28T12:31:43.831+01:00","checksum":"112261516934"} |
| Source of data |
librisxl |
| 887 ## - NON-MARC INFORMATION FIELD |
| Content of non-MARC field |
{"@id":"ns01rgbt44mtps2","modified":"2014-02-19T14:46:58+01:00","checksum":"115553562149"} |
| Source of data |
librisxl |
| 887 ## - NON-MARC INFORMATION FIELD |
| Content of non-MARC field |
{"@id":"glsv2ndm01g2hqp","modified":"2014-02-15T16:19:51+01:00","checksum":"149829760730"} |
| Source of data |
librisxl |
| 887 ## - NON-MARC INFORMATION FIELD |
| Content of non-MARC field |
{"@id":"tz56xll01xm8mrw","modified":"2009-08-11T09:02:39+02:00","checksum":"120875929251"} |
| Source of data |
librisxl |
| 887 ## - NON-MARC INFORMATION FIELD |
| Content of non-MARC field |
{"@id":"lqx2hpzr0cbrhrl","modified":"2015-01-12T15:51:04+01:00","checksum":"111107640056"} |
| Source of data |
librisxl |
| 887 ## - NON-MARC INFORMATION FIELD |
| Content of non-MARC field |
{"@id":"tz579l80005wgx7","modified":"2009-09-11T08:54:10+02:00","checksum":"159626372911"} |
| Source of data |
librisxl |
| 887 ## - NON-MARC INFORMATION FIELD |
| Content of non-MARC field |
{"@id":"8dlnxn8f5r019l6","modified":"2011-12-27T16:06:30+01:00","checksum":"116914163052"} |
| Source of data |
librisxl |
| 887 ## - NON-MARC INFORMATION FIELD |
| Content of non-MARC field |
{"@id":"9fmpxtxg378p260","modified":"2009-10-05T10:53:31+02:00","checksum":"117557274229"} |
| Source of data |
librisxl |
| 887 ## - NON-MARC INFORMATION FIELD |
| Content of non-MARC field |
{"@id":"6bjrqmhc4h6bh67","modified":"2011-04-13T09:58:56+02:00","checksum":"166374287775"} |
| Source of data |
librisxl |
| 900 1s - EQUIVALENCE OR CROSS-REFERENCE-PERSONAL NAME [LOCAL, CANADA] |
| Linkage |
700 |
| Dates associated with a name |
1947- |
| Affiliation |
Erlanson-Albertsson, Charlotte, |
| Dates associated with a name |
1947- |
| 900 1s - EQUIVALENCE OR CROSS-REFERENCE-PERSONAL NAME [LOCAL, CANADA] |
| Linkage |
700 |
| Dates associated with a name |
1947- |
| Affiliation |
Erlanson-Albertsson, Charlotte, |
| Dates associated with a name |
1947- |
| 942 ## - ADDED ENTRY ELEMENTS (KOHA) |
| Source of classification or shelving scheme |
Other/Generic Classification Scheme |
| Koha item type |
Bok |